[Event "Turkish Cup 2022"]
[Site "Sakarya"]
[Date "2022.03.26"]
[Round "2.16"]
[White "Colak, Tugay"]
[Black "Yazici, Ugur Doga"]
[Result "0-1"]
[WhiteElo "1701"]
[BlackElo "2195"]
[Annotator "ChessBase"]
[PlyCount "91"]
[EventDate "2022.03.25"]
[EventType "swiss"]
[EventCountry "TUR"]
[SourceTitle "playchess.com"]
[Source "ChessBase"]
[SourceQuality "1"]
[TimeControl "5400+30"]

1. d4 {[%emt 0:01:00]} e6 {[%emt 0:01:00]} 2. c4 {[%emt 0:00:30]} Nf6 {[%emt 0:00:00]} 3. Nc3 {[%emt 0:01:30]} Bb4 {[%emt 0:01:00]} 4. Qc2 {[%emt 0:00:30]} O-O {[%emt 0:00:30]} 5. Nf3 {[%emt 0:03:30]} d5 {[%emt 0:01:30]} 6. e3 {[%emt 0:02:30]} c5 {[%emt 0:02:30]} 7. dxc5 {[%emt 0:10:30]} Nc6 {[%emt 0:00:30]} 8. a3 {[%emt 0:07:30]} Bxc3+ {[%emt 0:02:30]} 9. Qxc3 {[%emt 0:03:30]} Ne4 {[%emt 0:05:30]} 10. Qc2 {[%emt 0:00:00]} Qa5+ {[%emt 0:05:30]} 11. Bd2 {[%emt 0:02:00]} Qxc5 {[%emt 0:01:30]} 12. b4 {[%emt 0:06:30]} Qd6 {[%emt 0:01:30]} 13. Bd3 {[%emt 0:03:30]} Nxd2 {[%emt 0:02:30]} 14. Nxd2 {[%emt 0:06:30]} h6 {[%emt 0:01:30]} 15. O-O {[%emt 0:01:30]} Bd7 {[%emt 0:07:30]} 16. c5 {[%emt 0:03:30]} Qc7 {[%emt 0:04:30]} 17. e4 {[%emt 0:03:30]} Qf4 {[%emt 0:08:30]} 18. Nb3 {[%emt 0:08:30]} Ne5 {[%emt 0:02:30]} 19. exd5 {[%emt 0:03:30]} exd5 {[%emt 0:00:30]} 20. Be2 {[%emt 0:01:30]} Ba4 {[%emt 0:11:30]} 21. Qd2 {[%emt 0:01:30]} Qxd2 {[%emt 0:00:30]} 22. Nxd2 {[%emt 0:00:30]} Nc6 {[%emt 0:05:30]} 23. Nf3 {[%emt 0:03:30]} a6 {[%emt 0:00:30]} 24. Rfe1 {[%emt 0:03:30]} Rfe8 {[%emt 0:03:30]} 25. Bd3 {[%emt 0:01:30]} g6 {[%emt 0:00:30]} 26. Kf1 {[%emt 0:04:05]} Kg7 {[%emt 0:06:30]} 27. Rxe8 {[%emt 0:02:38]} Rxe8 {[%emt 0:00:30]} 28. Re1 {[%emt 0:00:00]} Re6 {[%emt 0:00:00]} 29. Re3 {[%emt 0:03:27]} Kf6 {[%emt 0:04:00]} 30. Ke2 {[%emt 0:02:00]} g5 {[%emt 0:00:30]} 31. h3 {[%emt 0:01:19]} h5 {[%emt 0:00:30]} 32. g4 {[%emt 0:01:48]} Rxe3+ {[%emt 0:05:04]} 33. Kxe3 {[%emt 0:00:25]} hxg4 {[%emt 0:00:11]} 34. hxg4 {[%emt 0:00:05]} Ne5 {[%emt 0:03:02]} 35. Nxe5 {[%emt 0:05:21]} Kxe5 {[%emt 0:00:30]} 36. Bf5 {[%emt 0:00:00]} d4+ {[%emt 0:02:14]} 37. Kd2 {[%emt 0:00:45]} Bc6 {[%emt 0:01:38]} 38. Bc8 {[%emt 0:00:34]} Kd5 {[%emt 0:00:38]} 39. Kd3 {[%emt 0:02:42]} a5 {[%emt 0:00:46]} 40. bxa5 {[%emt 0:00:55]} Bb5+ {[%emt 0:00:41]} 41. Kd2 {[%emt 0:00:39]} Ba6 {[%emt 0:00:12]} 42. Bf5 {[%emt 0:01:06]} Kxc5 {[%emt 0:00:53]} 43. Bd3 {[%emt 0:00:09]} Bxd3 {[%emt 0:00:27]} 44. Kxd3 {[%emt 0:00:06]} Kd5 {[%emt 0:00:31]} 45. a4 {[%emt 0:00:16]} Kc5 {[%emt 0:00:20]} 46. f3 {[%emt 0:00:39]} 0-1

[Event "Turkish Cup 2022"]
[Site "Sakarya"]
[Date "2022.03.26"]
[Round "2.17"]
[White "Ozdemir, Serhan Berat"]
[Black "Tahaoglu, Erkin"]
[Result "1/2-1/2"]
[WhiteElo "2185"]
[BlackElo "1694"]
[Annotator "TA"]
[PlyCount "102"]
[EventDate "2022.03.25"]
[EventType "swiss"]
[EventCountry "TUR"]
[SourceTitle "playchess.com"]
[Source "ChessBase"]
[SourceQuality "1"]

{[%evp 10,102,25,18,25,25,20,9,27,0,19,23,37,0,5,0,7,12,23,0,85,39,27,45,37,5,100,33,53,47,49,52,72,24,24,15,175,121,132,60,62,14,14,13,19,13,14,11,12,0,0,0,0,0,0,0,0,0,24,24,24,24,27,27,46,46,48,39,50,40,40,40,51,50,51,51,62,42,50,50,62,41,70,83,81,62,62,-533,-533,-533,-533,-533,0,0,0]} 1. e4 c5 2. Nf3 Nc6 3. Bb5 g6 4. Bxc6 dxc6 5. h3 Bg7 6. O-O Qc7 {B31: Sicilian: 2...Nc6 3 Bb5 g6.} 7. d3 Nf6 8. Nbd2 O-O 9. a3 (9. e5 $5 {[%cal Re5f6]} Nd7 10. e6 fxe6 11. Qe2 $11) 9... e5 10. b4 Nd7 {[#]} 11. Bb2 $146 ({Predecessor:} 11. Nb3 cxb4 12. axb4 Re8 13. Be3 b6 14. Qd2 Nf8 15. Bh6 Bf6 16. Bg5 Bg7 17. Bh6 Bf6 18. Bg5 Bg7 {½-½ (18) Ozen,D (2412)-Gokerkan,C (2461) Antalya 2020}) 11... b5 12. Nb3 cxb4 13. axb4 c5 14. Qd2 Rd8 {[#]} (14... cxb4 $11 15. Qxb4 Re8) 15. Qc3 {White is much more active. Black has bad knights.} (15. bxc5 $1 $16 {Strongly threatening Qa5.} Bb7 16. Qa5) 15... c4 $14 16. dxc4 bxc4 17. Nfd2 Nb6 {[#]} (17... Bb7 $11) 18. Nc5 (18. Ra5 $1 $16) 18... Nd7 19. Ra5 $1 Nxc5 20. Rxc5 Qb7 21. Re1 (21. Nxc4 $16 Be6 22. Nxe5) 21... Be6 $1 $11 22. Nxc4 Rdc8 $2 (22... Rd4 $1 $11) 23. Na5 ({Resist} 23. Nxe5 $6 a5 $11) (23. Nd6 $18 Rxc5 24. bxc5 (24. Nxb7 Rxc3 25. Bxc3 Rc8 $16)) 23... Rxc5 24. Qxc5 ({But not} 24. Nxb7 Rxc3 25. Bxc3 Rc8 $14) (24. bxc5 $16 Qb5 25. Ba3) 24... Qb6 $14 25. Rd1 (25. Nc6 $14) 25... Rc8 $11 26. Qe7 {[%cal Oc2c4] Threatens to win with c4!} Bf8 $1 27. Qf6 Bg7 28. Qg5 Qxb4 (28... Rxc2 $2 29. Rd8+ Bf8 30. Bxe5 Qxf2+ 31. Kh2 $18) 29. Rd8+ Rxd8 30. Qxd8+ Qf8 $1 31. Qc7 {[%csl LRa7,LRe5]} Qc8 32. Qxa7 Qxc2 33. Qb8+ Qc8 (33... Bc8 {with more complications.} 34. Bxe5 Bxe5 35. Qxe5 h5 36. Qe8+ Kg7) 34. Bxe5 Qxb8 35. Bxb8 {[%mdl 4096] Endgame KBB-KBN} Bd4 36. Nc6 Bc3 37. Be5 Bd2 38. Bf6 Bc4 39. f3 Be3+ 40. Kh2 Bb5 41. Ne7+ Kf8 42. Nd5 Bc5 43. Kg3 Bc6 44. Kf4 Bd6+ 45. Kg5 Kg8 46. g4 Ba3 47. f4 Bb7 48. Be5 $2 {[%mdl 8192]} (48. Kh4 $14) 48... Bxd5 $19 49. exd5 Be7+ 50. Kh6 Bf8+ ({Better is} 50... f6 $19 {( -> ...Bf8#)} 51. Bxf6 Bxf6) 51. Kg5 $11 {Hoping for d6.} Be7+ {Quite a comeback for White.  Weighted Error Value: White=0.32/Black=0.32} 1/2-1/2

[Event "Turkish Cup 2022"]
[Site "Sakarya"]
[Date "2022.03.26"]
[Round "2.18"]
[White "Buyuk, Eymen Eren"]
[Black "Zor, Alber Kadir"]
[Result "0-1"]
[WhiteElo "1526"]
[BlackElo "2147"]
[Annotator "ChessBase"]
[PlyCount "88"]
[EventDate "2022.03.25"]
[EventType "swiss"]
[EventCountry "TUR"]
[SourceTitle "playchess.com"]
[Source "ChessBase"]
[SourceQuality "1"]
[TimeControl "5400+30"]

1. d4 {[%emt 0:02:00]} d5 {[%emt 0:01:00]} 2. c4 {[%emt 0:00:30]} e6 {[%emt 0:00:30]} 3. Nc3 {[%emt 0:00:00]} Nf6 {[%emt 0:00:30]} 4. cxd5 {[%emt 0:00:00]} exd5 {[%emt 0:00:30]} 5. Bg5 {[%emt 0:00:30]} c6 {[%emt 0:01:30]} 6. e3 {[%emt 0:01:30]} Be7 {[%emt 0:00:30]} 7. Qc2 {[%emt 0:00:30]} h6 {[%emt 0:00:30]} 8. Bh4 {[%emt 0:00:30]} O-O {[%emt 0:00:30]} 9. Bd3 {[%emt 0:00:30]} Re8 {[%emt 0:00:00]} 10. Nge2 {[%emt 0:00:30]} Nbd7 {[%emt 0:00:00]} 11. O-O {[%emt 0:00:30]} a5 {[%emt 0:00:00]} 12. Rad1 {[%emt 0:13:30]} b5 {[%emt 0:05:00]} 13. f3 {[%emt 0:01:30]} Ba6 {[%emt 0:10:30]} 14. Bf2 {[%emt 0:05:30]} Bf8 {[%emt 0:10:30]} 15. Ng3 {[%emt 0:03:30]} Nb6 {[%emt 0:22:30]} 16. e4 {[%emt 0:12:30]} b4 {[%emt 0:12:30]} 17. Bxa6 {[%emt 0:03:30]} Rxa6 {[%emt 0:00:30]} 18. Nce2 {[%emt 0:00:30]} Nc4 {[%emt 0:04:30]} 19. e5 {[%emt 0:03:30]} Nd7 {[%emt 0:00:00]} 20. b3 {[%emt 0:01:30]} Na3 {[%emt 0:00:00]} 21. Qd3 {[%emt 0:00:30]} Nb5 {[%emt 0:03:30]} 22. f4 {[%emt 0:01:30]} a4 {[%emt 0:03:30]} 23. f5 {[%emt 0:09:30]} axb3 {[%emt 0:06:29]} 24. axb3 {[%emt 0:00:30]} Ra3 {[%emt 0:01:15]} 25. Be3 {[%emt 0:02:30]} Nc3 {[%emt 0:00:55]} 26. Nxc3 {[%emt 0:00:30]} Rxb3 {[%emt 0:00:00]} 27. f6 {[%emt 0:00:30]} Rxc3 {[%emt 0:00:21]} 28. Qd2 {[%emt 0:00:30]} Nxf6 {[%emt 0:05:29]} 29. Bxh6 {[%emt 0:04:30]} Ne4 {[%emt 0:01:01]} 30. Nxe4 {[%emt 0:02:30]} dxe4 {[%emt 0:00:01]} 31. Be3 {[%emt 0:00:30]} Qd5 {[%emt 0:00:49]} 32. Qf2 {[%emt 0:01:30]} Ra8 {[%emt 0:02:04]} 33. Rd2 {[%emt 0:04:30]} b3 {[%emt 0:02:22]} 34. Qe1 {[%emt 0:03:30]} Rc2 {[%emt 0:02:46]} 35. Rxc2 {[%emt 0:02:30]} bxc2 {[%emt 0:00:30]} 36. Qd2 {[%emt 0:00:30]} Ra2 {[%emt 0:01:04]} 37. Qe1 {[%emt 0:02:34]} Qc4 {[%emt 0:01:16]} 38. e6 {[%emt 0:01:22]} Qxe6 {[%emt 0:00:35]} 39. Bc1 {[%emt 0:00:05]} Qd5 {[%emt 0:00:23]} 40. Kh1 {[%emt 0:01:10]} Qxd4 {[%emt 0:00:47]} 41. Rf4 {[%emt 0:00:11]} Ra1 {[%emt 0:00:23]} 42. Rxe4 {[%emt 0:00:07]} Qxe4 {[%emt 0:00:29]} 43. Qxe4 {[%emt 0:00:30]} Rxc1+ {[%emt 0:00:30]} 44. Qe1 {[%emt 0:00:30]} Rxe1# {[%emt 0:00:30]} 0-1

[Event "Turkish Cup 2022"]
[Site "Sakarya"]
[Date "2022.03.26"]
[Round "2.19"]
[White "Bacak, Muhammed Kaan"]
[Black "Caliskan, Soner"]
[Result "0-1"]
[WhiteElo "2155"]
[BlackElo "1661"]
[Annotator "ChessBase"]
[PlyCount "58"]
[EventDate "2022.03.25"]
[EventType "swiss"]
[EventCountry "TUR"]
[SourceTitle "playchess.com"]
[Source "ChessBase"]
[SourceQuality "1"]
[TimeControl "5400+30"]

1. e4 {[%emt 0:01:00]} c5 {[%emt 0:01:00]} 2. Nc3 {[%emt 0:00:00]} Nc6 {[%emt 0:00:30]} 3. Bb5 {[%emt 0:00:00]} d6 {[%emt 0:01:30]} 4. f4 {[%emt 0:01:30]} a6 {[%emt 0:02:30]} 5. Bxc6+ {[%emt 0:00:30]} bxc6 {[%emt 0:00:00]} 6. Nf3 {[%emt 0:01:30]} Nf6 {[%emt 0:02:00]} 7. O-O {[%emt 0:01:30]} g6 {[%emt 0:13:30]} 8. d3 {[%emt 0:00:30]} Bg7 {[%emt 0:00:30]} 9. Qe1 {[%emt 0:01:30]} Rb8 {[%emt 0:03:30]} 10. e5 {[%emt 0:07:30]} Nd5 {[%emt 0:04:30]} 11. exd6 {[%emt 0:02:30]} Nxc3 {[%emt 0:09:30]} 12. bxc3 {[%emt 0:00:30]} Qxd6 {[%emt 0:00:30]} 13. Ne5 {[%emt 0:02:30]} O-O {[%emt 0:01:30]} 14. Ba3 {[%emt 0:06:30]} Be6 {[%emt 0:16:30]} 15. Qe3 {[%emt 0:03:30]} Rb5 {[%emt 0:04:30]} 16. c4 {[%emt 0:07:30]} Ra5 {[%emt 0:02:30]} 17. Bb2 {[%emt 0:02:30]} Rb8 {[%emt 0:02:30]} 18. Qc1 {[%emt 0:15:30]} Bh6 {[%emt 0:09:30]} 19. a4 {[%emt 0:05:30]} f6 {[%emt 0:06:49]} 20. Bc3 {[%emt 0:00:30]} Rb4 {[%emt 0:05:16]} 21. Bxb4 {[%emt 0:04:30]} cxb4 {[%emt 0:00:26]} 22. Nf3 {[%emt 0:00:30]} Bxf4 {[%emt 0:00:47]} 23. Qe1 {[%emt 0:00:30]} Bg4 {[%emt 0:01:28]} 24. Qf2 {[%emt 0:02:30]} Bxf3 {[%emt 0:00:24]} 25. g3 {[%emt 0:07:30]} Be5 {[%emt 0:00:58]} 26. Qxf3 {[%emt 0:00:30]} Bxa1 {[%emt 0:00:08]} 27. Rxa1 {[%emt 0:00:30]} Qd4+ {[%emt 0:00:30]} 28. Kg2 {[%emt 0:00:30]} Qxa1 {[%emt 0:00:30]} 29. Qxc6 {[%emt 0:00:00]} Qxa4 {[%emt 0:00:00]} 0-1

[Event "Turkish Cup 2022"]
[Site "Sakarya"]
[Date "2022.03.26"]
[Round "2.20"]
[White "Atayman, Evren"]
[Black "Ererdem, Gani Eren"]
[Result "0-1"]
[WhiteElo "1662"]
[BlackElo "2134"]
[Annotator "ChessBase"]
[PlyCount "78"]
[EventDate "2022.03.25"]
[EventType "swiss"]
[EventCountry "TUR"]
[SourceTitle "playchess.com"]
[Source "ChessBase"]
[SourceQuality "1"]
[TimeControl "5400+30"]

1. d4 {[%emt 0:02:00]} g6 {[%emt 0:01:00]} 2. Nf3 {[%emt 0:00:30]} d6 {[%emt 0:01:30]} 3. e3 {[%emt 0:02:30]} Bg7 {[%emt 0:00:30]} 4. b3 {[%emt 0:01:30]} Nf6 {[%emt 0:05:30]} 5. Bb2 {[%emt 0:01:30]} O-O {[%emt 0:00:30]} 6. Be2 {[%emt 0:01:30]} Nc6 {[%emt 0:00:30]} 7. O-O {[%emt 0:04:30]} e5 {[%emt 0:01:30]} 8. dxe5 {[%emt 0:01:30]} Ng4 {[%emt 0:00:30]} 9. Nbd2 {[%emt 0:02:30]} Ngxe5 {[%emt 0:03:30]} 10. Nxe5 {[%emt 0:00:30]} Nxe5 {[%emt 0:00:00]} 11. Qc1 {[%emt 0:01:30]} Qe7 {[%emt 0:36:00]} 12. Nc4 {[%emt 0:10:30]} Rd8 {[%emt 0:03:30]} 13. Nxe5 {[%emt 0:04:30]} dxe5 {[%emt 0:00:30]} 14. c4 {[%emt 0:02:30]} h5 {[%emt 0:09:30]} 15. Qc3 {[%emt 0:01:30]} Bg4 {[%emt 0:13:30]} 16. f3 {[%emt 0:12:30]} Be6 {[%emt 0:01:29]} 17. Rad1 {[%emt 0:01:30]} Rxd1 {[%emt 0:02:12]} 18. Rxd1 {[%emt 0:00:30]} a5 {[%emt 0:04:10]} 19. c5 {[%emt 0:03:30]} a4 {[%emt 0:01:38]} 20. Bc4 {[%emt 0:06:30]} axb3 {[%emt 0:03:52]} 21. axb3 {[%emt 0:09:30]} Bxc4 {[%emt 0:05:21]} 22. Qxc4 {[%emt 0:00:30]} Ra2 {[%emt 0:00:30]} 23. Qc3 {[%emt 0:00:00]} Kh7 {[%emt 0:00:00]} 24. Ra1 {[%emt 0:01:00]} Rxb2 {[%emt 0:00:11]} 25. Qxb2 {[%emt 0:01:30]} e4 {[%emt 0:00:02]} 26. Qc1 {[%emt 0:00:30]} Bxa1 {[%emt 0:00:11]} 27. Qxa1 {[%emt 0:02:30]} Qxc5 {[%emt 0:01:01]} 28. Qe1 {[%emt 0:02:30]} exf3 {[%emt 0:00:30]} 29. gxf3 {[%emt 0:00:00]} Qd5 {[%emt 0:00:19]} 30. Kg2 {[%emt 0:03:00]} Qxb3 {[%emt 0:00:30]} 31. Qa5 {[%emt 0:01:30]} b6 {[%emt 0:02:48]} 32. Qe5 {[%emt 0:00:30]} c5 {[%emt 0:00:04]} 33. Qc7 {[%emt 0:00:45]} Qe6 {[%emt 0:00:38]} 34. f4 {[%emt 0:00:15]} c4 {[%emt 0:00:29]} 35. e4 {[%emt 0:00:30]} Qxe4+ {[%emt 0:00:30]} 36. Kf2 {[%emt 0:00:30]} Qd4+ {[%emt 0:00:00]} 37. Kg3 {[%emt 0:00:30]} Qe3+ {[%emt 0:00:33]} 38. Kh4 {[%emt 0:00:30]} Qf2+ {[%emt 0:00:12]} 39. Kg5 {[%emt 0:01:28]} Qc5+ {[%emt 0:00:06]} 0-1

[Event "Turkish Cup 2022"]
[Site "Sakarya"]
[Date "2022.03.26"]
[Round "2.21"]
[White "Guven, Oguz Kagan"]
[Black "Oktem, Ege Tuna"]
[Result "1/2-1/2"]
[WhiteElo "2157"]
[BlackElo "1614"]
[Annotator "ChessBase"]
[PlyCount "104"]
[EventDate "2022.03.25"]
[EventType "swiss"]
[EventCountry "TUR"]
[SourceTitle "playchess.com"]
[Source "ChessBase"]
[SourceQuality "1"]
[TimeControl "5400+30"]

1. Nf3 {[%emt 0:05:00]} d5 {[%emt 0:01:00]} 2. g3 {[%emt 0:00:30]} Nf6 {[%emt 0:00:30]} 3. Bg2 {[%emt 0:00:30]} g6 {[%emt 0:00:30]} 4. b3 {[%emt 0:00:30]} Bg7 {[%emt 0:00:30]} 5. Bb2 {[%emt 0:00:00]} O-O {[%emt 0:00:00]} 6. c4 {[%emt 0:00:00]} c6 {[%emt 0:00:00]} 7. O-O {[%emt 0:00:30]} a5 {[%emt 0:00:00]} 8. Nc3 {[%emt 0:03:30]} Na6 {[%emt 0:04:00]} 9. d4 {[%emt 0:00:30]} Nc7 {[%emt 0:01:30]} 10. Ne5 {[%emt 0:02:30]} h5 {[%emt 0:18:30]} 11. e4 {[%emt 0:05:30]} Nxe4 {[%emt 0:00:30]} 12. Nxe4 {[%emt 0:00:30]} dxe4 {[%emt 0:00:30]} 13. Bxe4 {[%emt 0:00:30]} Bh3 {[%emt 0:00:00]} 14. Re1 {[%emt 0:00:30]} Ne6 {[%emt 0:09:00]} 15. d5 {[%emt 0:03:30]} cxd5 {[%emt 0:02:30]} 16. Bxd5 {[%emt 0:06:30]} Qc7 {[%emt 0:06:30]} 17. Qe2 {[%emt 0:26:30]} Bf5 {[%emt 0:02:30]} 18. Nxf7 {[%emt 0:11:30]} Bxb2 {[%emt 0:00:30]} 19. Nh6+ {[%emt 0:00:30]} Kh7 {[%emt 0:00:00]} 20. Qxb2 {[%emt 0:00:30]} Ng5 {[%emt 0:01:00]} 21. Nxf5 {[%emt 0:01:30]} Rxf5 {[%emt 0:00:00]} 22. f4 {[%emt 0:04:30]} Qc5+ {[%emt 0:00:00]} 23. Kh1 {[%emt 0:00:30]} Rxd5 {[%emt 0:00:30]} 24. cxd5 {[%emt 0:00:00]} Nf3 {[%emt 0:00:30]} 25. Rf1 {[%emt 0:02:00]} Nd4 {[%emt 0:00:30]} 26. Rad1 {[%emt 0:01:30]} Qxd5+ {[%emt 0:01:30]} 27. Qg2 {[%emt 0:00:30]} Qc5 {[%emt 0:00:00]} 28. Qxb7 {[%emt 0:00:30]} Ra7 {[%emt 0:00:00]} 29. Qe4 {[%emt 0:00:30]} Nf5 {[%emt 0:00:30]} 30. Rc1 {[%emt 0:01:30]} Qa3 {[%emt 0:00:30]} 31. Rc6 {[%emt 0:04:11]} Qxa2 {[%emt 0:07:30]} 32. Qe6 {[%emt 0:08:09]} Nd6 {[%emt 0:00:00]} 33. Rb6 {[%emt 0:03:58]} Qb2 {[%emt 0:03:00]} 34. Qe5 {[%emt 0:01:20]} Qd2 {[%emt 0:01:30]} 35. Rb8 {[%emt 0:00:50]} Nf7 {[%emt 0:00:00]} 36. Qe6 {[%emt 0:01:46]} Nh6 {[%emt 0:00:00]} 37. Qe5 {[%emt 0:01:08]} Nf7 {[%emt 0:00:00]} 38. Qe4 {[%emt 0:01:01]} Nd6 {[%emt 0:01:00]} 39. Qe6 {[%emt 0:02:11]} Qc3 {[%emt 0:00:30]} 40. Qg8+ {[%emt 0:00:25]} Kh6 {[%emt 0:00:30]} 41. Qf8+ {[%emt 0:01:12]} Kh7 {[%emt 0:00:30]} 42. Qg8+ {[%emt 0:00:30]} Kh6 {[%emt 0:00:30]} 43. Qh8+ {[%emt 0:00:00]} Qxh8 {[%emt 0:00:00]} 44. Rxh8+ {[%emt 0:00:00]} Kg7 {[%emt 0:00:00]} 45. Rb8 {[%emt 0:00:05]} Nf5 {[%emt 0:00:00]} 46. Ra1 {[%emt 0:00:43]} Rd7 {[%emt 0:00:00]} 47. Ra2 {[%emt 0:02:07]} h4 {[%emt 0:02:30]} 48. gxh4 {[%emt 0:00:30]} Nxh4 {[%emt 0:00:30]} 49. Kg1 {[%emt 0:00:00]} Rd4 {[%emt 0:00:00]} 50. Rxa5 {[%emt 0:00:44]} Rd2 {[%emt 0:00:00]} 51. Kf1 {[%emt 0:02:08]} Nf3 {[%emt 0:00:00]} 52. Re5 {[%emt 0:00:36]} Nxh2+ {[%emt 0:00:00]} 1/2-1/2

[Event "Turkish Cup 2022"]
[Site "Sakarya"]
[Date "2022.03.26"]
[Round "2.22"]
[White "Sakmak, Kutay"]
[Black "Kul, Ozdemir Efe"]
[Result "1/2-1/2"]
[WhiteElo "1718"]
[BlackElo "2042"]
[Annotator "ChessBase"]
[PlyCount "65"]
[EventDate "2022.03.25"]
[EventType "swiss"]
[EventCountry "TUR"]
[SourceTitle "playchess.com"]
[Source "ChessBase"]
[SourceQuality "1"]
[TimeControl "5400+30"]

1. e4 {[%emt 0:01:00]} g6 {[%emt 0:01:00]} 2. d4 {[%emt 0:00:30]} Bg7 {[%emt 0:00:30]} 3. Nc3 {[%emt 0:00:30]} c6 {[%emt 0:00:30]} 4. Be3 {[%emt 0:00:30]} d6 {[%emt 0:01:30]} 5. Qd2 {[%emt 0:03:30]} Nd7 {[%emt 0:00:30]} 6. f3 {[%emt 0:03:30]} a6 {[%emt 0:04:30]} 7. Bd3 {[%emt 0:07:30]} b5 {[%emt 0:09:30]} 8. Nge2 {[%emt 0:01:30]} Bb7 {[%emt 0:02:30]} 9. Ng3 {[%emt 0:18:30]} Qc7 {[%emt 0:04:30]} 10. Nce2 {[%emt 0:04:30]} e5 {[%emt 0:02:30]} 11. c3 {[%emt 0:01:30]} h5 {[%emt 0:02:30]} 12. O-O {[%emt 0:02:30]} Ngf6 {[%emt 0:03:30]} 13. Nh1 {[%emt 0:05:30]} c5 {[%emt 0:01:30]} 14. a4 {[%emt 0:02:30]} c4 {[%emt 0:04:30]} 15. Bc2 {[%emt 0:00:30]} O-O {[%emt 0:03:30]} 16. Nf2 {[%emt 0:04:30]} Rfe8 {[%emt 0:02:30]} 17. Rfd1 {[%emt 0:01:30]} d5 {[%emt 0:01:30]} 18. dxe5 {[%emt 0:20:49]} Nxe5 {[%emt 0:00:30]} 19. exd5 {[%emt 0:00:49]} Nxd5 {[%emt 0:03:30]} 20. Bd4 {[%emt 0:00:39]} Rad8 {[%emt 0:04:30]} 21. Ne4 {[%emt 0:02:52]} Ne7 {[%emt 0:07:30]} 22. axb5 {[%emt 0:03:16]} axb5 {[%emt 0:01:30]} 23. Qg5 {[%emt 0:02:02]} Nd5 {[%emt 0:09:30]} 24. f4 {[%emt 0:07:12]} Ng4 {[%emt 0:03:30]} 25. Bxg7 {[%emt 0:02:03]} Kxg7 {[%emt 0:00:30]} 26. N4g3 {[%emt 0:02:43]} Nde3 {[%emt 0:13:34]} 27. Nxh5+ {[%emt 0:00:50]} Kf8 {[%emt 0:01:53]} 28. Bxg6 {[%emt 0:00:42]} Qc6 {[%emt 0:00:57]} 29. Be4 {[%emt 0:00:26]} Qxe4 {[%emt 0:01:33]} 30. Qg7+ {[%emt 0:00:30]} Ke7 {[%emt 0:00:30]} 31. Qg5+ {[%emt 0:00:00]} Kf8 {[%emt 0:06:36]} 32. Qg7+ {[%emt 0:00:10]} Ke7 {[%emt 0:00:30]} 33. Qg5+ {[%emt 0:00:00]} 1/2-1/2

[Event "Turkish Cup 2022"]
[Site "Sakarya"]
[Date "2022.03.26"]
[Round "2.23"]
[White "Tarhan, Adar"]
[Black "Kaygisiz, Ozgur Can"]
[Result "0-1"]
[WhiteElo "2125"]
[BlackElo "1744"]
[Annotator "ChessBase"]
[PlyCount "60"]
[EventDate "2022.03.25"]
[EventType "swiss"]
[EventCountry "TUR"]
[SourceTitle "playchess.com"]
[Source "ChessBase"]
[SourceQuality "1"]
[TimeControl "5400+30"]

1. e4 {[%emt 0:01:00]} c5 {[%emt 0:01:00]} 2. Nf3 {[%emt 0:00:30]} d6 {[%emt 0:00:30]} 3. d4 {[%emt 0:00:30]} cxd4 {[%emt 0:00:00]} 4. Nxd4 {[%emt 0:00:00]} Nf6 {[%emt 0:00:00]} 5. Nc3 {[%emt 0:00:00]} a6 {[%emt 0:00:30]} 6. h3 {[%emt 0:00:00]} e6 {[%emt 0:00:00]} 7. g4 {[%emt 0:01:00]} b5 {[%emt 0:03:00]} 8. g5 {[%emt 0:01:30]} b4 {[%emt 0:03:30]} 9. gxf6 {[%emt 0:00:30]} bxc3 {[%emt 0:00:00]} 10. fxg7 {[%emt 0:00:30]} Bxg7 {[%emt 0:00:00]} 11. b3 {[%emt 0:02:30]} Bb7 {[%emt 0:02:30]} 12. Bg2 {[%emt 0:01:30]} Rg8 {[%emt 0:12:30]} 13. Bf3 {[%emt 0:01:30]} Nd7 {[%emt 0:09:30]} 14. Rg1 {[%emt 0:04:30]} Qh4 {[%emt 0:02:30]} 15. Nxe6 {[%emt 0:03:30]} fxe6 {[%emt 0:00:30]} 16. Bh5+ {[%emt 0:00:30]} Ke7 {[%emt 0:02:30]} 17. Bg4 {[%emt 0:14:30]} Raf8 {[%emt 0:09:30]} 18. Be3 {[%emt 0:03:30]} Bh6 {[%emt 0:01:30]} 19. Qd4 {[%emt 0:01:30]} Bxe3 {[%emt 0:00:30]} 20. Qxe3 {[%emt 0:00:30]} h5 {[%emt 0:00:30]} 21. O-O-O {[%emt 0:00:30]} hxg4 {[%emt 0:00:30]} 22. Qxc3 {[%emt 0:00:30]} Qg5+ {[%emt 0:10:30]} 23. Kb1 {[%emt 0:00:30]} Qc5 {[%emt 0:00:00]} 24. Qg3 {[%emt 0:00:30]} Rxf2 {[%emt 0:02:00]} 25. c3 {[%emt 0:00:30]} Bxe4+ {[%emt 0:00:30]} 26. Ka1 {[%emt 0:00:30]} Rgf8 {[%emt 0:09:30]} 27. b4 {[%emt 0:03:30]} Qe5 {[%emt 0:05:30]} 28. Qh4+ {[%emt 0:00:30]} R8f6 {[%emt 0:02:30]} 29. Rd4 {[%emt 0:00:30]} Qh2 {[%emt 0:01:30]} 30. Qh7+ {[%emt 0:01:30]} Bxh7 {[%emt 0:00:30]} 0-1

[Event "Turkish Cup 2022"]
[Site "Sakarya"]
[Date "2022.03.26"]
[Round "2.24"]
[White "Filizci, Kivanc"]
[Black "Isilak, Enes"]
[Result "0-1"]
[WhiteElo "1658"]
[BlackElo "2125"]
[Annotator "TA"]
[PlyCount "82"]
[EventDate "2022.03.25"]
[EventType "swiss"]
[EventCountry "TUR"]
[SourceTitle "playchess.com"]
[Source "ChessBase"]
[SourceQuality "1"]

{[%evp 20,82,-13,-10,31,0,0,0,20,0,8,-17,0,-10,-10,-126,-124,-120,-20,-192,-198,-207,-190,-192,-187,-190,-204,-191,-205,-195,-190,-209,-166,-162,-122,-115,-113,-136,-112,-216,-216,-219,-219,-244,-233,-304,-296,-390,-383,-433,-443,-460,-469,-468,-470,-469,-463,-545,-541,-480,-361,-458,-448,-596,-577]} 1. e4 e6 2. Nf3 d5 3. exd5 exd5 4. d4 Nc6 5. c3 Bd6 6. Bd3 Nge7 7. O-O Bg4 8. Bg5 Qd7 9. Nbd2 O-O-O 10. b4 f6 11. Bh4 {[#]} Bf5 $146 {C01: French: Exchange Variation.} (11... Nf5 $11 {deserves consideration.} 12. Bg3 Kb8) ({Predecessor:} 11... h5 12. Bg3 Bxg3 13. fxg3 Nf5 14. Qe1 Rde8 15. Qf2 Nd6 16. Nb3 Ne4 17. Qc2 h4 18. gxh4 Bxf3 19. Rxf3 Rxh4 {0-1 (57) Seo,J (2453)-Xiong,J (2709) Chess.com INT 2021}) 12. Nb3 Bxd3 13. Qxd3 Qf5 {The position is equal.} 14. Qb5 a6 15. Qa4 Qd3 16. Rfc1 Nf5 17. Nc5 (17. Bg3 $11 {remains equal.}) 17... Bxc5 $17 18. bxc5 {[#]} h5 {Black is more active.} (18... g5 $1 $17 19. Bg3 h5) 19. Ne1 $2 Qe4 $19 20. Bg3 h4 21. f3 {[#]} hxg3 $1 {[%mdl 512]} 22. fxe4 gxh2+ 23. Kf2 {[#] Threatens to win with Nc2.} h1=Q $1 {Dancing on a razor blade.} 24. Nf3 Qh5 25. exf5 Qxf5 26. Qc2 Qxc2+ 27. Rxc2 Rde8 28. Rb1 g5 {[%cal Bg7g5,Bg5g4][%mdl 32]} 29. c4 (29. Rcc1 $17) 29... dxc4 30. Rxc4 Re4 31. Rc3 Rd8 ({But not} 31... Nxd4 $2 32. Nxd4 Rxd4 33. c6) 32. Rcb3 g4 ({Not} 32... Nxd4 $2 33. Nxd4 Rdxd4 34. Rxb7 $19) 33. Ng1 Rdxd4 34. Rxb7 Rd2+ 35. Kg3 Rxa2 36. R7b2 Rxb2 37. Rxb2 Nd4 {Inhibits Re2.} 38. Rf2 f5 39. c6 Nxc6 {And now ...Nd4 would win.} 40. Rxf5 a5 {...Kb7 is the strong threat.} 41. Rc5 Kb7 {Weighted Error Value: White=0.48/Black=0.15 (very precise)} 0-1